| 000 | 01111nam0a22003131 4500 | ||
|---|---|---|---|
| 001 | v19\rc\1696724 | ||
| 005 | 20260407090155.0 | ||
| 035 | _a(NLR Aleph) 004799436 | ||
| 090 |
_a4813389 _c4813389 |
||
| 100 | _a20061002d1898 |||y0rusy50 ca | ||
| 101 | 0 | _arus | |
| 102 | _aRU | ||
| 105 | _aa b ||||| | ||
| 200 | 1 |
_aИллюстрированный каталог Выставки Академии художеств. 1898 _fВесен. выст. в залах Акад. художеств |
|
| 210 |
_a[Санкт-Петербург _d1898] |
||
| 215 |
_a20 с., 48 л. ил. _d24 |
||
| 710 | 0 | 2 |
_aИмператорская академия художеств _bВесенняя выставка _cПетербург _f1898 _9595249 _3RU\NLR\AUTH\8810047614 |
| 801 | 0 |
_aRU _bNLR _gpsbo |
|
| 801 | 0 |
_aRU _bRuMoRGB _2psbo |
|
| 801 | 1 |
_aRU _bProSoft-M _2rusmarc |
|
| 852 |
_aNLR _j18.300.7.181 |
||
| 852 |
_aNLR _bЭ _jАлИс131/2-1(1898) |
||
| 899 |
_aRuMoRGB _jU 134/249 |
||
| 899 |
_aRuMoRGB _jT 92/114 |
||
| 899 |
_aRuMoRGB _jРб 17/1261 |
||
| 899 | _aБАН | ||
| 942 | _cBOOK | ||
| 980 | _aNB | ||